000 00983nam a2200181 a 4500
001 50406
005 20180714035446.0
008 140415d 000 0 eng d
020 _a1883052297
041 _aeng
082 _a690.8924
_bGRO
245 0 0 _aGROWER TALKS ON STRUCTURES AND EQUIPMENT
250 _a1a ed.
260 _a[s.l.] :
_bBALL PUBLISHING,
_c[s.f.]
300 _a311
_c15.2 x 1.5 x 22.8
520 _aWHAT ARE THE BENEFITS OF A RETRACTABLE ROOF? IS GLASS OR POLY THE BETTER COVERING? HOW CAN YOU SAVE HEATING YOUR HOUSES? ARE FLOOD FLOORS THE WAY TO GO FOR YOUR OPERATION ? THE ANSWERS TO THESE QUESTIONS ARE AS DIVERSE AS THE NUMER OF GREENHOUSES.THE ONE TOOL THAT EVERYONE NEEDS IS GROWER TALKS ON STRUCTURES AND EQUIPMENT. WHETHER YOU HAVE ONE HOOP HOUSE OR SEVERAL ACRES UNDER ROOF YUO´LL FIND JUST THE RIGHT INFORMATION ON: GREENHOUSE STRUCTURES, THE LATEST TECHNOLOGY, INCLUDING
650 1 4 _aINVERNADEROS
_xINVERNADEROS
_xADMINISTRACION
999 _c50406
_d50406